000 00743cam a22002531 4500
001 000013051
005 20240422195705.0
008 901210s1969 ck b 000 0 spa
010 _a71497274
025 _aLACAP70-0706
035 _a(OCoLC)22828945
040 _aDO-SdBNP
_cNNC-L
_dDLC
042 _apremarc
043 _as-ck---
082 _a347.052
_bR173t
100 1 _aRamirez Arcila, Carlos.
_930169
245 1 0 _aTeoría de la acción :
_btemas de derecho procesal civil.
260 _aBogota, :
_bTemis,
_c1969.
300 _axvi, 252 p. ;
_c23 cm.
504 _aBibliography: p. [249]-252.
650 4 _aAcción y defensa (derecho)
_zColombia
_930170
650 0 _aProcedimiento civil
_913926
999 _a1
_n0000279
_c12694
_d12694
049 _aBNGR